000 00263nam a2200109 a 4500
005 20200929163250.0
008 091125s2008 000 spa d
020 _a9789945112085
245 0 _aGuía cívica 1.
260 _aSanto Domingo,
_c2008.
999 _c13165
_d13165
040 _aDO-SdBNP